Countries with Ancient Greek Colonies - Statistics

General Stats
  • This quiz has been taken 408 times
    405 since last reset
  • The average score is 16 of 20
Answer Stats
Country % Correct
Italy
97%
Turkey
95%
Egypt
92%
France
92%
Spain
91%
Albania
90%
Bulgaria
87%
Croatia
86%
Greece
86%
Libya
85%
Romania
84%
Cyprus
82%
Russia
80%
Ukraine
80%
Montenegro
72%
Bosnia and Herzegovina
71%
Malta
71%
Georgia
69%
Portugal
69%
Monaco
56%
No matching quizzes found
Score Distribution
Percent of People with Each Score
Percentile by Number Answered
Your Score History
You have not taken this quiz since the last reset